แสดงรายละเอียดบรรณานุกรม
  กลับหน้าหลัก

Brief Record : Get Marc (ISO 2709) : E-mail record : QR code ปิดหน้าต่าง
สารบัญ Review โดย
ใช้งานได้ทุกระบบ
ห้องสมุด วพบ.ขอนแก่น
ใช้งานได้ทุกระบบ เมื่อ27/มกราคม/2558
  • บทที่ 1 การพยาบาลผู้ป่วยก่อนและหลังผ่าตัด
  • บทที่ 2 การเตรียมผิวหนังก่อนผ่าตัด
  • บทที่ 3 การช่วยผู้ป่วยลุกออกจากเตียงและเดินโดยเร็ว
  • บทที่ 4 การพยาบาลผู้ป่วยที่มีแผลผ่าตัด
  • บทที่ 5 การทำความสะอาดรูทวารเทียมและการสวนล้าง
  • บทที่ 6 การสวนล้างกระเพาะปัสสาวะ
  • บทที่ 7 การให้อาหารทางลำไส้เล็กส่วนกลาง
  • บทที่ 8 การดูดเสมหะ
  • บทที่ 9 การพยาบาลผู้ป่วยที่ใส่ท่อระบายทรวงอก

E-books : เกี่ยวกับ Collections
LEADER 00000nam 2200000uu 4500
001    208694
003     ULIBM
008    121116s2554||||th 000 0 tha d
020    ^a9789746725729
040    ^abns
041 0  ^atha
060 04 ^aWY161^bก469 2554
245 10 ^aการปฏิบัติการพยาบาลในคลินิกศัลยกรรม =^bNursing practice insurgical clinics /^cนัทธมน วุทธานนท์, บรรณาธิการ
246 31 ^aNursing practice in surgical clinics
250    ^aพิมพ์ครั้งที่ 1
260    ^aเชียงใหม่ :^bคณะพยาบาลศาสตร์ มหาวิทยาลัยเชียงใหม่,^c2554
300    ^a174 หน้า :^bภาพประกอบ ;^c23 ซม.
650  2 ^aSurgical nursing
650  4 ^aการพยาบาลศัลยศาสตร์
650  4 ^aการพยาบาลทางศัลยศาสตร์ ^xคู่มือปฏิบัติการ
650  4 ^aการดูแลหลังศัลยกรรม ^xคู่มือปฏิบัติการ
700 0  ^aนัทธมน วุทธานนท์,^eบรรณาธิการ
710 2  ^aมหาวิทยาลัยเชียงใหม่. ^bคณะพยาบาลศาสตร์
999    ^aใช้งานได้ทุกระบบ
รายการนี้ยังไม่มีแท็ก
คุณยังไม่ได้ล็อกอิน คุณสามารถมีกิจกรรมร่วมกับเว็บไซต์ได้ แต่ต้องล็อกอินก่อน ::
  ล็อกอิน
ลำดับที่ ประเภท เลขเรียก สถานที่ สถานะ
1. หนังสือสำรอง
หนังสือสำรอง
WY161 ก469 2554 ฉ.6 
  
การพยาบาลผู้ใหญ่ On Shelf
  ขอยืม
Note:ปีงบประมาณ2557
2. หนังสือทั่วไป
หนังสือทั่วไป
WY161 ก469 2554 ฉ.7 
  
การพยาบาลผู้ใหญ่ On Shelf
  ขอยืม
Note:ปีงบประมาณ2557
3. หนังสือทั่วไป
หนังสือทั่วไป
WY161 ก469 2554 ฉ.8 
  
การพยาบาลผู้ใหญ่ On Shelf
  ขอยืม
Note:ปีงบประมาณ2557
4. หนังสือทั่วไป
หนังสือทั่วไป
WY161 ก469 2554 ฉ.10 
  
การพยาบาลผู้ใหญ่ On Shelf
  ขอยืม
Note:ปีงบประมาณ2557
5. หนังสือทั่วไป
หนังสือทั่วไป
WY161 ก469 2554  
  
หนังสือทั่วไป On Shelf
  ขอยืม
Note:ปีงบประมาณ 2555
6. หนังสือทั่วไป
หนังสือทั่วไป
WY161 ก469 2554 ฉ.2 
  
หนังสือทั่วไป On Shelf
  ขอยืม
Note:ปีงบประมาณ 2555
   [แสดง 6/6 รายการ]

รายการใกล้เคียง
    หัวเรื่อง [Surgical nursing]
    หัวเรื่อง [การพยาบาลศัลยศาสตร์]

BibComment


ยังไม่เคยถูกคอมเมนท์

คอมเมนท์ทรัพยากรรายการนี้
  คอมเมนท์: การปฏิบัติการพยา..
Bib 208694

 
 
 

 Union Library Management : ULibM
Copyright 2026. All Rights Reserved.
скачать бесплатно без регистрации порно красивый секс HD Sex Hindi sex

xxx gou

xxxx

bfxxx

xxxwww

Секса Видео

xxxx

Секса Видео

detube

geilexxx

C99 Shell

worms shell

blod xxx video
Ebony Coed Rihanna Rimes Takes A Dick In Her Young Twat priyaa indian fuck anal and pusssy hardcore indian women xxx desi hardcore fucking part 1 bengalixxxcouple